Process plants : a handbook for inherently safer design /

Guardado en:
Autor Principal: Kletz, Trevor A.
Formato: Libro
Idioma:English
Publicado: Philadelphia, PA : Taylor & Francis, c1998.
Materias:
Acceso en línea:Descripción
Etiquetas: Agregar Etiqueta
Sin Etiquetas, Sea el primero en etiquetar este registro!
LEADER 01067pam a22002295a 4500
001 EIQ.libpla002950
008 980319s1998####paua#####b####001#0#eng#d
005 20070921162955.0
245 1 0 |a Process plants :  |b a handbook for inherently safer design /  |c Trevor Kletz. 
260 |a Philadelphia, PA :  |b Taylor & Francis,  |c c1998. 
300 |a xiv, 209 p. :  |b il. ;  |c 25 cm. 
500 |a "Based on an earlier publication, Cheaper, safer plants, or Wealth and safety at work ... published by the U.K. Institution of Chemical Engineers in 1984 ... which has been rewritten and extended". Pref. 
504 |a Incluye referencias bibliográficas e índice. 
020 |a 1560326190 (case : alk. paper) 
100 1 |a Kletz, Trevor A. 
082 0 0 |a 660/.2804  |2 21 
650 0 |a Fábrica de productos químicos  |x Medidas de seguridad. 
650 0 |a Chemical plants  |x Safety measures. 
010 |a  98016864  
040 |a DLC  |c DLC  |d AR-BbSID 
856 4 2 |3 Descripción  |u http://www.loc.gov/catdir/enhancements/fy0653/98016864-d.html 
859 |a AR-BbSID  |b BIB. PLAPIQUI  |h 660.280 4  |i K 67  |p 5611